[Event "4NCL Division Three East"]
[Site "Daventry, ENG"]
[Date "2023.01.07"]
[Round "3.44"]
[White "Kemp, Paul R"]
[Black "Brown, Alan M"]
[Result "1-0"]
[WhiteElo "1963"]
[BlackElo "1997"]
[PlyCount "81"]
[EventDate "2023.01.07"]
[WhiteTeam "Poisoned Pawns"]
[BlackTeam "MK Phoenix 1"]

1. e4 e6 2. d4 d5 3. exd5 exd5 4. Bd3 Nc6 5. c3 Bd6 6. Qf3 Be6 7. Ne2 Qf6 8.
Bf4 O-O-O 9. Nd2 Nh6 10. Bxd6 Qxf3 11. Nxf3 Rxd6 12. Kd2 Bf5 13. Bxf5+ Nxf5 14.
Ng3 Nxg3 15. hxg3 h6 16. Rae1 Rdd8 17. Rh5 g6 18. Rhh1 h5 19. Ng5 Rhf8 20. Re2
Rd7 21. Rhe1 Kd8 22. Nh7 Rh8 23. Nf6 Re7 24. Nxd5 Rxe2+ 25. Rxe2 Rf8 26. a3 Nb8
27. Kd3 Nd7 28. b3 c6 29. Nf4 Nf6 30. f3 Rh8 31. a4 g5 32. Nh3 Rg8 33. Nf2 Rh8
34. Re5 g4 35. Ne4 Nd7 36. Ra5 gxf3 37. gxf3 Kc7 38. Rf5 Rh7 39. Ke3 b6 40. Ng5
Rg7 41. Kf4 1-0

[Event "4NCL Division Three East"]
[Site "Daventry, ENG"]
[Date "2023.01.07"]
[Round "3.45"]
[White "Elwin, Adrian G"]
[Black "McMahon, Paul"]
[Result "1-0"]
[WhiteElo "1958"]
[BlackElo "1922"]
[PlyCount "93"]
[EventDate "2023.01.07"]
[WhiteTeam "MK Phoenix 1"]
[BlackTeam "Poisoned Pawns"]

1. d4 d5 2. c4 e6 3. Nf3 Nf6 4. Nc3 Be7 5. Bg5 h6 6. Bh4 O-O 7. e3 b6 8. cxd5
exd5 9. Bd3 Be6 10. Ne5 c5 11. Rc1 Nfd7 12. Bg3 Nxe5 13. dxe5 Nc6 14. Bb1 Rc8
15. O-O g6 16. Ne2 Re8 17. Nf4 Bf8 18. Nxe6 Rxe6 19. f4 Ne7 20. f5 Nxf5 21.
Bxf5 gxf5 22. Rxf5 Rc7 23. Qg4+ Rg6 24. Qf4 Qe8 25. Rf1 Qe6 26. h4 Rg7 27. Rf3
Be7 28. Rf6 Qg4 29. Rxf7 Qxf4 30. Rxg7+ Kxg7 31. exf4 c4 32. f5 Bc5+ 33. Kf1
Rc8 34. Bf2 d4 35. g4 b5 36. g5 hxg5 37. hxg5 b4 38. Be1 a5 39. e6 a4 40. Bg3
c3 41. Be5+ Kg8 42. Rh3 Kf8 43. f6 Kg8 44. bxc3 b3 45. axb3 axb3 46. f7+ Kf8
47. Rh8+ 1-0

[Event "4NCL Division Three East"]
[Site "Daventry, ENG"]
[Date "2023.01.07"]
[Round "3.46"]
[White "Judkins, Brian D"]
[Black "Smith, Graham"]
[Result "1/2-1/2"]
[WhiteElo "1781"]
[BlackElo "1914"]
[PlyCount "46"]
[EventDate "2023.01.07"]
[WhiteTeam "Poisoned Pawns"]
[BlackTeam "MK Phoenix 1"]

1. e4 c5 2. Nf3 Nc6 3. d4 cxd4 4. Nxd4 e5 5. Nb5 a6 6. Nd6+ Bxd6 7. Qxd6 Qf6 8.
Qxf6 Nxf6 9. Nc3 Nb4 10. Bd3 d5 11. exd5 Nfxd5 12. Nxd5 Nxd5 13. Bd2 Be6 14.
O-O f6 15. Rfe1 Kf7 16. g3 g5 17. Rad1 h5 18. Be4 Rac8 19. Bxg5 fxg5 20. Bxd5
Rxc2 21. Rxe5 Bxd5 22. Rexd5 Rxb2 23. Rd7+ Ke6 1/2-1/2

[Event "4NCL Division Three East"]
[Site "Daventry, ENG"]
[Date "2023.01.07"]
[Round "3.51"]
[White "Churavin, Andrey"]
[Black "Smith, Olivia"]
[Result "0-1"]
[WhiteElo "2134"]
[BlackElo "2054"]
[PlyCount "78"]
[EventDate "2023.01.07"]
[WhiteTeam "Hull & East Riding Tigers"]
[BlackTeam "Rhyfelwyr Essyllwg"]

1. d4 Nf6 2. Nf3 g6 3. c4 Bg7 4. Nc3 d6 5. Bg5 O-O 6. e3 Nc6 7. Be2 Bd7 8. O-O
h6 9. Bh4 e5 10. h3 g5 11. dxe5 Nxe5 12. Nxe5 dxe5 13. Bg3 Qe7 14. Qb3 Bc6 15.
Qc2 Rad8 16. a3 a5 17. Rac1 Rfe8 18. Rfd1 Qe6 19. Nb5 Rc8 20. Bd3 Qe7 21. Na7
Rb8 22. Nxc6 bxc6 23. c5 e4 24. Bc4 Nh5 25. b3 Kh8 26. Qe2 Nxg3 27. fxg3 f5 28.
a4 Be5 29. Rf1 Rf8 30. Qh5 Kg7 31. g4 f4 32. h4 Rbd8 33. Rce1 fxe3 34. Rf5 Rxf5
35. gxf5 Qf6 36. Qg4 Bd4 37. Qxe4 Bxc5 38. Kh1 Rd4 39. Qe8 Rxh4+ 0-1

[Event "4NCL Division Three East"]
[Site "Daventry, ENG"]
[Date "2023.01.07"]
[Round "3.52"]
[White "Hewitt, William"]
[Black "Gardiner, Eric D"]
[Result "1-0"]
[WhiteElo "1978"]
[BlackElo "2014"]
[PlyCount "73"]
[EventDate "2023.01.07"]
[WhiteTeam "Rhyfelwyr Essyllwg"]
[BlackTeam "Hull & East Riding Tigers"]

1. Nf3 d5 2. g3 c5 3. Bg2 Nc6 4. O-O e5 5. d3 Be7 6. Nbd2 h5 7. e4 d4 8. Nc4
Qc7 9. a4 Be6 10. Bd2 O-O-O 11. Qe2 f6 12. c3 g5 13. cxd4 g4 14. Nh4 Nxd4 15.
Qd1 Nh6 16. Rc1 Nf7 17. b4 Nd6 18. Na5 c4 19. Nf5 Kb8 20. Nxd4 exd4 21. dxc4
Nf7 22. c5 Ne5 23. Bf4 h4 24. Nc4 h3 25. Bh1 Bf8 26. Qd2 Ka8 27. Nb2 Qf7 28. b5
Bg7 29. c6 bxc6 30. bxc6 Qc7 31. f3 Qb6 32. Nd3 Rc8 33. a5 Qb5 34. Bxe5 fxe5
35. Rc5 Qa6 36. Nb4 Bh6 37. f4 1-0

[Event "4NCL Division Three East"]
[Site "Daventry, ENG"]
[Date "2023.01.07"]
[Round "3.53"]
[White "Varley, Joe"]
[Black "Ralphs, Nigel"]
[Result "1/2-1/2"]
[WhiteElo "2014"]
[BlackElo "1965"]
[PlyCount "144"]
[EventDate "2023.01.07"]
[WhiteTeam "Hull & East Riding Tigers"]
[BlackTeam "Rhyfelwyr Essyllwg"]

1. e4 e5 2. Nf3 Nc6 3. Bb5 a6 4. Ba4 Nf6 5. O-O Be7 6. d3 d6 7. a3 O-O 8. h3 h6
9. Nc3 Be6 10. Bxc6 bxc6 11. d4 Nd7 12. g4 f6 13. Nh4 exd4 14. Qxd4 d5 15. exd5
cxd5 16. Ng6 Ne5 17. Nxe5 fxe5 18. Qxe5 Bf7 19. Rd1 Bd6 20. Qd4 Qh4 21. Kg2 c5
22. Qd3 Be6 23. f4 Bxf4 24. Bxf4 Rxf4 25. Qg3 Qf6 26. Nxd5 Bxd5+ 27. Rxd5 Rf8
28. Rd2 Rf3 29. Qe1 Qxb2 30. Rb1 Qf6 31. Rbd1 Rxa3 32. Rd3 Rxd3 33. Rxd3 Qc6+
34. Kg1 Re8 35. Qf1 Qe4 36. Rf3 Qd4+ 37. Kh1 Qe4 38. Kg1 Qd4+ 39. Kh1 Qd5 40.
Kg1 c4 41. Rf4 c3 42. Qc4 Qxc4 43. Rxc4 a5 44. Rxc3 a4 45. Kf2 Ra8 46. Ra3 Kf7
47. Ke3 Ke6 48. Kd4 Kd6 49. c3 Rf8 50. Kc4 Rf3 51. Rxa4 Rxh3 52. Ra7 g5 53. Kd4
h5 54. Ra6+ Kc7 55. gxh5 Rxh5 56. Rg6 Kd7 57. c4 Kc7 58. Kc3 Rh1 59. Kb4 Rg1
60. Kc5 g4 61. Rg7+ Kd8 62. Kd6 Ke8 63. c5 Kf8 64. Rg5 g3 65. c6 g2 66. Kc7 Kf7
67. Rf5+ Ke6 68. Rf2 Ke5 69. Rc2 Ke4 70. Rb2 Kf3 71. Kb7 Rc1 72. Rxg2 Kxg2
1/2-1/2

[Event "4NCL Division Three East"]
[Site "Daventry, ENG"]
[Date "2023.01.07"]
[Round "3.54"]
[White "Heaven, Pete"]
[Black "Collinson, Mark I"]
[Result "1/2-1/2"]
[WhiteElo "1942"]
[BlackElo "1994"]
[PlyCount "69"]
[EventDate "2023.01.07"]
[WhiteTeam "Rhyfelwyr Essyllwg"]
[BlackTeam "Hull & East Riding Tigers"]

1. e4 c5 2. Nf3 d6 3. d4 cxd4 4. Nxd4 Nf6 5. Nc3 g6 6. Be3 Bd7 7. Be2 Nc6 8.
O-O Bg7 9. f4 O-O 10. Nb3 Rc8 11. Bf3 a6 12. a4 Na5 13. Nxa5 Qxa5 14. h3 Bc6
15. Nd5 Bxd5 16. exd5 Qb4 17. Ra2 Ne4 18. Qd3 Ng3 19. c3 Qc4 20. Qxc4 Rxc4 21.
Re1 Nf5 22. Bd2 Rc7 23. Raa1 h5 24. g4 hxg4 25. hxg4 Nh4 26. Bh1 g5 27. f5 Rc4
28. Re4 Rfc8 29. Rae1 Bf6 30. Kf2 b5 31. axb5 axb5 32. Rxc4 bxc4 33. Ra1 Rb8
34. Ra2 Kg7 35. Be4 1/2-1/2

[Event "4NCL Division Three East"]
[Site "Daventry, ENG"]
[Date "2023.01.07"]
[Round "3.55"]
[White "Larchikov, Maksym"]
[Black "Hatchett, Paul"]
[Result "1/2-1/2"]
[WhiteElo "2055"]
[BlackElo "1959"]
[PlyCount "64"]
[EventDate "2023.01.07"]
[WhiteTeam "Hull & East Riding Tigers"]
[BlackTeam "Rhyfelwyr Essyllwg"]

1. d4 Nf6 2. c4 g6 3. Nc3 Bg7 4. e4 d6 5. Nf3 O-O 6. Be2 e5 7. O-O exd4 8. Nxd4
Re8 9. f3 c6 10. Nc2 Be6 11. Bg5 h6 12. Bf4 d5 13. cxd5 cxd5 14. Qd2 g5 15. Be3
dxe4 16. Qxd8 Rxd8 17. fxe4 Nc6 18. Rad1 Ng4 19. Bxg4 Bxg4 20. Rxd8+ Rxd8 21.
Nd5 Be2 22. Rf2 Bd3 23. Nc3 Bxc3 24. bxc3 Bxe4 25. Nd4 Ne5 26. Re2 f5 27. h4
Ng4 28. hxg5 Nxe3 29. Rxe3 hxg5 30. g4 Rd5 31. gxf5 Bxf5 32. Re7 Bb1 1/2-1/2

[Event "4NCL Division Three East"]
[Site "Daventry, ENG"]
[Date "2023.01.07"]
[Round "3.56"]
[White "Trevelyan, John"]
[Black "Thompson, Keith"]
[Result "1/2-1/2"]
[WhiteElo "1882"]
[BlackElo "1874"]
[PlyCount "163"]
[EventDate "2023.01.07"]
[WhiteTeam "Rhyfelwyr Essyllwg"]
[BlackTeam "Hull & East Riding Tigers"]

1. d4 d5 2. Nf3 Nf6 3. c4 e6 4. Nc3 Be7 5. Bg5 h6 6. Bxf6 Bxf6 7. e3 O-O 8.
cxd5 exd5 9. Bd3 c6 10. O-O Bg4 11. h3 Be6 12. Na4 Nd7 13. Qc2 Be7 14. a3 Rc8
15. b4 b5 16. Nc5 Nxc5 17. bxc5 a5 18. Ne5 Bf6 19. f4 Bxe5 20. dxe5 f5 21. Rad1
Qc7 22. Qf2 Rb8 23. Rb1 Qe7 24. Qc2 Rb7 25. Qc3 Qc7 26. Rf2 Rfb8 27. Rfb2 Qd8
28. Qd4 Qc7 29. Kh1 Qe7 30. Kh2 Rf8 31. Rg1 h5 32. Bb1 Kh8 33. Qc3 Qd8 34. Qc2
g5 35. Rh1 Rg8 36. Qe2 Rh7 37. Kg1 gxf4 38. exf4 Rg3 39. Bd3 Qf8 40. Rc2 Qh6
41. Qd2 Rhg7 42. Rh2 Rf3 43. Kh1 Rfg3 44. Ra2 Qg6 45. Ra1 Qf7 46. Bf1 Qe7 47.
Qd4 h4 48. Be2 Rb3 49. Bf3 b4 50. axb4 Rxb4 51. Qc3 Qb7 52. Qe1 Rg3 53. Kg1 Qb5
54. Rh1 Qxc5+ 55. Kh2 a4 56. Qd2 Qb5 57. Rhc1 Rb2 58. Qc3 c5 59. Rc2 Rxc2 60.
Qxc2 d4 61. Rxa4 d3 62. Ra8+ Rg8 63. Qf2 Rxa8 64. Qxh4+ Kg8 65. Qg5+ Kf8 66.
Qf6+ Bf7 67. Bxa8 Qd7 68. Bc6 Qe6 69. Qd8+ Kg7 70. Bb5 c4 71. Kg3 Qg6+ 72. Kf2
d2 73. Qd4 d1=Q 74. Qxd1 Qb6+ 75. Ke1 Qxb5 76. Qd8 Qb1+ 77. Kf2 Qc2+ 78. Kg3
Qc3+ 79. Kh4 Qe1+ 80. g3 Qe4 81. Qf6+ Kf8 82. Qd8+ 1/2-1/2

[Event "4NCL Division Three East"]
[Site "Daventry, ENG"]
[Date "2023.01.07"]
[Round "3.61"]
[White "Scott, Gordon W"]
[Black "Jermy, Jaden"]
[Result "1-0"]
[WhiteElo "2273"]
[BlackElo "2076"]
[PlyCount "103"]
[EventDate "2023.01.07"]
[WhiteTeam "Anglian Avengers 1"]
[BlackTeam "Iceni 1"]

1. d4 Nf6 2. c4 e6 3. Nc3 Bb4 4. e3 d5 5. a3 Bxc3+ 6. bxc3 O-O 7. Bd3 c6 8. Ne2
Nbd7 9. cxd5 cxd5 10. c4 dxc4 11. Bxc4 e5 12. O-O Nb6 13. Bb3 exd4 14. Nxd4 Bg4
15. f3 Bh5 16. Qd3 Bg6 17. e4 Rc8 18. Bb2 Qe7 19. Rac1 Nbd7 20. Qe3 Nc5 21. Ba2
Na4 22. Ba1 Nc5 23. Rfe1 Kh8 24. Nb5 b6 25. Bxf6 Qxf6 26. Nxa7 Ra8 27. Nb5 Rfd8
28. Bd5 Ra5 29. Rb1 h5 30. Rb4 Rxd5 31. exd5 Nd3 32. d6 Nxb4 33. axb4 Rxb5 34.
Qe8+ Kh7 35. Qxb5 Qd4+ 36. Kh1 Qxd6 37. h3 Qd4 38. Rc1 Qe3 39. Rc4 Kh6 40. f4
Qe1+ 41. Kh2 f6 42. Qxb6 h4 43. Qg1 Qg3+ 44. Kh1 Bf7 45. Rc6 Be8 46. Rc8 Bc6
47. Rh8+ Kg6 48. f5+ Kxf5 49. Qb1+ Kf4 50. Qf1+ Ke4 51. Qf3+ Qxf3 52. gxf3+ 1-0

[Event "4NCL Division Three East"]
[Site "Daventry, ENG"]
[Date "2023.01.07"]
[Round "3.62"]
[White "Sagues, Vincent"]
[Black "Kanellopoulos, Panayotis"]
[Result "0-1"]
[WhiteElo "2067"]
[BlackElo "2272"]
[PlyCount "136"]
[EventDate "2023.01.07"]
[WhiteTeam "Iceni 1"]
[BlackTeam "Anglian Avengers 1"]

1. e4 c5 2. Nf3 d6 3. d4 Nf6 4. dxc5 Nxe4 5. cxd6 Nc6 6. Be3 Nxd6 7. Be2 e5 8.
Nc3 Be7 9. Nd5 Nf5 10. Nxe7 Qxe7 11. Qd2 Nxe3 12. Qxe3 Qb4+ 13. c3 Qxb2 14. O-O
O-O 15. Bc4 Bf5 16. Qg5 Bg6 17. Nxe5 Nxe5 18. Qxe5 Rac8 19. Bb3 Qxc3 20. Qxc3
Rxc3 21. Rfe1 Rfc8 22. h4 Kf8 23. Rad1 Rd3 24. Rxd3 Bxd3 25. Re3 Bb5 26. Kh2
Re8 27. Rc3 Bc6 28. Kg3 Re5 29. f3 f6 30. Kf2 Ke7 31. Rd3 h6 32. f4 Rc5 33. Rg3
Kf8 34. Rd3 Ke7 35. Rg3 g5 36. hxg5 hxg5 37. Re3+ Kd7 38. fxg5 fxg5 39. g3 Kc7
40. Re7+ Kb6 41. Rg7 Re5 42. Rg6 Kc5 43. g4 a5 44. Be6 Be8 45. Rh6 Kb4 46. Bf5
Ka3 47. Rb6 Bc6 48. Bb1 a4 49. Bc2 Kxa2 50. Bxa4 Bxa4 51. Rxb7 Bb5 52. Rg7 Kb2
53. Rf7 Kc3 54. Rf5 Kd4 55. Rf7 Bc6 56. Rg7 Ke4 57. Kg3 Ke3 58. Ra7 Rc5 59.
Ra3+ Ke4 60. Rb3 Bd5 61. Rb4+ Ke5 62. Ra4 Rc3+ 63. Kf2 Rc4 64. Ra7 Rxg4 65. Ra3
Kf4 66. Rc3 Rg2+ 67. Kf1 Ra2 68. Rd3 Bc4 0-1

[Event "4NCL Division Three East"]
[Site "Daventry, ENG"]
[Date "2023.01.07"]
[Round "3.63"]
[White "Lewis, Andrew P"]
[Black "Hughes, Roy"]
[Result "1/2-1/2"]
[WhiteElo "2229"]
[BlackElo "2052"]
[PlyCount "83"]
[EventDate "2023.01.07"]
[WhiteTeam "Anglian Avengers 1"]
[BlackTeam "Iceni 1"]

1. d4 d5 2. c4 c6 3. Nf3 Nf6 4. Nc3 a6 5. c5 Bf5 6. Qb3 Ra7 7. Bf4 h6 8. e3 e6
9. Be2 Be7 10. O-O O-O 11. Rac1 Re8 12. Na4 Nfd7 13. Rfe1 Bf6 14. Bg3 e5 15.
Qc3 e4 16. Nd2 Nf8 17. Nb3 Nbd7 18. Na5 Qc8 19. Nb6 Qd8 20. Qb4 Be6 21. Nxd7
Qxd7 22. Qb6 Rea8 23. f3 Bd8 24. Qb4 f5 25. fxe4 fxe4 26. Rf1 Ng6 27. Qd2 Ne7
28. b4 Nf5 29. Bf4 Be7 30. h3 Rf8 31. Bg4 Nh4 32. Qe2 Bxg4 33. Qxg4 Qxg4 34.
hxg4 Ng6 35. Bg3 Bf6 36. Rf5 Rf7 37. Kf1 Ra8 38. Ke2 Rd7 39. a4 Re8 40. b5 axb5
41. axb5 Ne7 42. Rff1 1/2-1/2

[Event "4NCL Division Three East"]
[Site "Daventry, ENG"]
[Date "2023.01.07"]
[Round "3.64"]
[White "Calvert, D Ian"]
[Black "Talsma, Paul"]
[Result "1/2-1/2"]
[WhiteElo "2004"]
[BlackElo "2197"]
[PlyCount "53"]
[EventDate "2023.01.07"]
[WhiteTeam "Iceni 1"]
[BlackTeam "Anglian Avengers 1"]

1. b3 e5 2. Bb2 Nc6 3. e3 Nf6 4. Nf3 e4 5. Nd4 Be7 6. Nxc6 dxc6 7. d3 O-O 8.
Nd2 Bf5 9. Nxe4 Nxe4 10. dxe4 Qxd1+ 11. Rxd1 Bxe4 12. Bd3 Bd5 13. O-O Rad8 14.
c4 Be6 15. Be2 f6 16. Rxd8 Rxd8 17. Rd1 Re8 18. Bf3 Kf7 19. h4 Bd6 20. g3 Bc8
21. Kg2 f5 22. Bh5+ g6 23. Bf3 h5 24. Bc3 a6 25. Re1 Bd7 26. Rd1 Bc8 27. Re1
1/2-1/2

[Event "4NCL Division Three East"]
[Site "Daventry, ENG"]
[Date "2023.01.07"]
[Round "3.65"]
[White "Peck, Silas"]
[Black "Reynolds, D Ian W"]
[Result "1/2-1/2"]
[WhiteElo "2075"]
[BlackElo "1964"]
[PlyCount "38"]
[EventDate "2023.01.07"]
[WhiteTeam "Anglian Avengers 1"]
[BlackTeam "Iceni 1"]

1. e4 e5 2. Nf3 Nc6 3. Bc4 Bc5 4. c3 Nf6 5. d3 a6 6. Bb3 d6 7. O-O h6 8. Nbd2
O-O 9. h3 Be6 10. Re1 Re8 11. Nf1 d5 12. Qe2 Qd7 13. Ng3 Rad8 14. Bc2 dxe4 15.
dxe4 Bf8 16. Rd1 Qe7 17. Be3 Rxd1+ 18. Bxd1 Rd8 19. Bc2 Nd7 1/2-1/2

[Event "4NCL Division Three East"]
[Site "Daventry, ENG"]
[Date "2023.01.07"]
[Round "3.66"]
[White "Lewis, Stephen"]
[Black "Myall, Ivan J"]
[Result "1/2-1/2"]
[WhiteElo "1980"]
[BlackElo "1977"]
[PlyCount "73"]
[EventDate "2023.01.07"]
[WhiteTeam "Iceni 1"]
[BlackTeam "Anglian Avengers 1"]

1. d4 Nf6 2. Nc3 d5 3. Bf4 c6 4. e3 Qb6 5. Rb1 Bf5 6. f3 e6 7. g4 Bg6 8. h4 h5
9. g5 Ng8 10. Bd3 Ne7 11. Nge2 Nd7 12. e4 a6 13. exd5 cxd5 14. Bxg6 Nxg6 15.
Bg3 Bd6 16. Qd2 Bxg3+ 17. Nxg3 Qd6 18. Kf2 b5 19. Nd1 Nb6 20. Ne3 Ne7 21. c3 g6
22. Ne2 O-O 23. Nc1 Nc4 24. Qe1 Nxe3 25. Qxe3 Nf5 26. Qe5 Qxe5 27. dxe5 Rfc8
28. Ne2 a5 29. Ng3 Nxg3 30. Kxg3 Rc4 31. Rh2 b4 32. cxb4 axb4 33. b3 Rc3 34.
Rbb2 d4 35. Rbd2 d3 36. Kf4 Rd8 37. Ke3 1/2-1/2

[Event "4NCL Division Three East"]
[Site "Daventry, ENG"]
[Date "2023.01.08"]
[Round "4.11"]
[White "Hughes, Roy"]
[Black "Cooksey, Paul S"]
[Result "1-0"]
[WhiteElo "2052"]
[BlackElo "2284"]
[PlyCount "87"]
[EventDate "2023.01.08"]
[WhiteTeam "Iceni 1"]
[BlackTeam "Crowthorne A"]

1. d4 d5 2. Nf3 Nf6 3. g3 Bf5 4. Bg2 c6 5. O-O e6 6. c4 Be7 7. Nc3 O-O 8. Qb3
Qb6 9. c5 Qxb3 10. axb3 Nbd7 11. b4 a6 12. Bf4 h6 13. h4 Rfe8 14. Ne5 Nxe5 15.
Bxe5 Nd7 16. Bf4 Bf6 17. Rfd1 Bg4 18. f3 Bh5 19. e4 dxe4 20. Nxe4 Be7 21. Re1
Nf6 22. Bd6 Rad8 23. Bxe7 Rxe7 24. Nd6 Nd5 25. b5 axb5 26. f4 Nb4 27. Re5 Bg4
28. Ra7 Red7 29. Re3 Bh5 30. Be4 Bd1 31. Rc3 g6 32. Ra1 Bg4 33. Rb3 Nd5 34.
Bxd5 exd5 35. Re3 Rb8 36. Ne8 h5 37. Nf6+ Kf8 38. Nxd7+ Bxd7 39. Ra7 Be6 40.
Rea3 Ke7 41. Ra8 Rxa8 42. Rxa8 Kd7 43. Kf2 Kc7 44. Ke3 1-0

[Event "4NCL Division Three East"]
[Site "Daventry, ENG"]
[Date "2023.01.08"]
[Round "4.12"]
[White "Webb, Richard M"]
[Black "Sagues, Vincent"]
[Result "1/2-1/2"]
[WhiteElo "2190"]
[BlackElo "2067"]
[PlyCount "39"]
[EventDate "2023.01.08"]
[WhiteTeam "Crowthorne A"]
[BlackTeam "Iceni 1"]

1. e4 d5 2. exd5 Qxd5 3. Nc3 Qd8 4. d4 Nf6 5. Nf3 Bg4 6. h3 Bxf3 7. Qxf3 c6 8.
Be3 e6 9. O-O-O Bb4 10. Ne4 Nxe4 11. Qxe4 Qd5 12. Qxd5 cxd5 13. c4 dxc4 14.
Bxc4 Bd6 15. Kb1 Nd7 16. Rhe1 O-O 17. Bb3 Nb6 18. d5 e5 19. Rc1 Rac8 20. a4
1/2-1/2

[Event "4NCL Division Three East"]
[Site "Daventry, ENG"]
[Date "2023.01.08"]
[Round "4.13"]
[White "Jermy, Jaden"]
[Black "Coates, Kenneth G"]
[Result "1-0"]
[WhiteElo "2076"]
[BlackElo "2019"]
[PlyCount "82"]
[EventDate "2023.01.08"]
[WhiteTeam "Iceni 1"]
[BlackTeam "Crowthorne A"]

1. d4 d5 2. Nf3 Nf6 3. Bf4 c5 4. e3 Nc6 5. c3 Qb6 6. Qb3 c4 7. Qc2 Bf5 8. Qc1
e6 9. Nbd2 Be7 10. Nh4 Bg6 11. Nxg6 hxg6 12. e4 O-O 13. e5 Nd7 14. Qc2 Rfe8 15.
Be2 Nf8 16. Bg3 Qd8 17. h4 b5 18. h5 g5 19. f4 b4 20. O-O gxf4 21. Rxf4 Bg5 22.
Rg4 Bh6 23. Bh4 Qb6 24. Kh2 Rab8 25. Bxc4 bxc3 26. Qxc3 Qxb2 27. Qg3 Qxd2 28.
Bf6 g6 29. hxg6 Nxg6 30. Rxg6+ fxg6 31. Qxg6+ Kf8 32. Rf1 Bf4+ 33. Kh1 Rb7 34.
Bg5 Rf7 35. Bb5 Ree7 36. Qh6+ Kg8 37. Bxf4 Qxd4 38. Qg6+ Rg7 39. Qf6 Rh7+ 40.
Bh6 Rxh6+ 41. Qxh6 Rh7 1-0

[Event "4NCL Division Three East"]
[Site "Daventry, ENG"]
[Date "2023.01.08"]
[Round "4.14"]
[White "Purdon, Colin"]
[Black "Lewis, Stephen"]
[Result "1-0"]
[WhiteElo "1983"]
[BlackElo "1980"]
[PlyCount "75"]
[EventDate "2023.01.08"]
[WhiteTeam "Crowthorne A"]
[BlackTeam "Iceni 1"]

1. d4 Nf6 2. c4 e5 3. dxe5 Ng4 4. Nf3 Bc5 5. e3 Nc6 6. Be2 O-O 7. O-O Re8 8.
Nc3 Ngxe5 9. b3 a5 10. Nxe5 Nxe5 11. Bb2 d6 12. Ne4 Bb6 13. c5 dxc5 14. Qxd8
Rxd8 15. Bxe5 Re8 16. Bxc7 Bxc7 17. Nxc5 b6 18. Nd3 Ba6 19. Rfd1 Rad8 20. Rac1
Re7 21. Nf4 Bxe2 22. Rxd8+ Bxd8 23. Nxe2 Rd7 24. Nd4 g6 25. Kf1 Rc7 26. Rxc7
Bxc7 27. Ke2 Kf8 28. f4 h5 29. Kf3 Ke7 30. Ke4 Kd7 31. g3 Bd6 32. h3 Be7 33.
Kd5 h4 34. gxh4 Bxh4 35. f5 Bf2 36. fxg6 fxg6 37. e4 Bh4 38. Nf3 1-0

[Event "4NCL Division Three East"]
[Site "Daventry, ENG"]
[Date "2023.01.08"]
[Round "4.15"]
[White "Gibbs, Dominic V"]
[Black "Duckers, Harvey L"]
[Result "1-0"]
[WhiteElo "1960"]
[BlackElo "1845"]
[PlyCount "117"]
[EventDate "2023.01.08"]
[WhiteTeam "Iceni 1"]
[BlackTeam "Crowthorne A"]

1. e4 c5 2. c3 b6 3. d4 Bb7 4. Bd3 Nf6 5. f3 e6 6. Ne2 Nc6 7. Be3 Be7 8. Nd2
O-O 9. O-O d6 10. Kh1 Rc8 11. a3 Qd7 12. b4 cxd4 13. cxd4 d5 14. e5 Ne8 15. f4
f5 16. g4 g6 17. gxf5 exf5 18. Nf3 Nd8 19. Rc1 Rxc1 20. Qxc1 Ng7 21. Qb2 Nf7
22. Rc1 Ne6 23. Bc2 Ba6 24. Bb3 Bd3 25. Nc3 Be4 26. Kg2 Nh6 27. h3 Kh8 28. Qa2
Rd8 29. Kg3 Ng7 30. Nd2 Nh5+ 31. Kh2 Bh4 32. Ndxe4 fxe4 33. Nxd5 Nf5 34. Rc7
Qe8 35. Bf2 Bxf2 36. Qxf2 e3 37. Nxe3 Nxd4 38. Bd1 Ne6 39. Rxa7 Nhxf4 40. Bb3
g5 41. Bc2 h5 42. Rh7+ Kg8 43. Nf5 Qb5 44. Ne7+ Kf8 45. Ng6+ Kg8 46. Rh8+ Kg7
47. Rxd8 Nxd8 48. Nxf4 Qxe5 49. Qg3 Qxf4 50. Qxf4 gxf4 51. h4 Kf6 52. Bd1 Ne6
53. a4 Nd4 54. a5 bxa5 55. bxa5 Nc6 56. a6 Kg6 57. Kg2 Na7 58. Kf3 Kf5 59. Bc2+
1-0

[Event "4NCL Division Three East"]
[Site "Daventry, ENG"]
[Date "2023.01.08"]
[Round "4.16"]
[White "Tart, Peter K"]
[Black "Calvert, D Ian"]
[Result "1/2-1/2"]
[WhiteElo "1853"]
[BlackElo "2004"]
[PlyCount "90"]
[EventDate "2023.01.08"]
[WhiteTeam "Crowthorne A"]
[BlackTeam "Iceni 1"]

1. e4 d5 2. exd5 Qxd5 3. Nf3 Bg4 4. Be2 Nc6 5. h3 Bh5 6. d4 O-O-O 7. c3 e5 8.
c4 Qa5+ 9. Bd2 Bb4 10. d5 Bxf3 11. Bxf3 Nd4 12. a3 Bxd2+ 13. Nxd2 f5 14. b4 Qa6
15. O-O Nf6 16. Re1 Rhe8 17. Be2 Nxe2+ 18. Qxe2 Qd6 19. Nb3 c6 20. Qf3 g6 21.
dxc6 Qxc6 22. Qxc6+ bxc6 23. Rad1 Rxd1 24. Rxd1 Rd8 25. Rxd8+ Kxd8 26. Nc5 Kc7
27. Kf1 Kb6 28. Ke2 a5 29. Ke3 axb4 30. axb4 Kc7 31. Kf3 Kd6 32. Ke3 g5 33.
Nb7+ Ke7 34. Nc5 Ne8 35. Nd3 Kf6 36. Nc5 h5 37. Nd7+ Ke6 38. Nc5+ Ke7 39. Nd3
Kf6 40. Nc5 Ke7 41. Nd3 Kd6 42. Nc5 h4 43. g4 fxg4 44. hxg4 Nf6 45. f3 Ke7
1/2-1/2

[Event "4NCL Division Three East"]
[Site "Daventry, ENG"]
[Date "2023.01.08"]
[Round "4.21"]
[White "Scott, David A"]
[Black "Povah, Nigel E"]
[Result "0-1"]
[WhiteElo "2118"]
[BlackElo "2259"]
[PlyCount "52"]
[EventDate "2023.01.08"]
[WhiteTeam "Surbiton"]
[BlackTeam "Guildford Castles"]

1. d4 Nf6 2. c4 e6 3. Nf3 c5 4. d5 exd5 5. cxd5 d6 6. Nc3 g6 7. Nd2 Bg7 8. e4
O-O 9. Be2 Na6 10. O-O Ne8 11. Nc4 f5 12. exf5 Bxf5 13. Ne3 Bd7 14. Qd2 Nac7
15. a4 a6 16. a5 Nb5 17. Bc4 Qh4 18. Bxb5 Bxb5 19. Nxb5 axb5 20. Ra2 Nf6 21. b3
Ne4 22. Qd3 Rae8 23. Bb2 Rxf2 24. Rxf2 Qxf2+ 25. Kh1 Bxb2 26. Nf1 Nc3 0-1

[Event "4NCL Division Three East"]
[Site "Daventry, ENG"]
[Date "2023.01.08"]
[Round "4.22"]
[White "Granat, Russell G"]
[Black "Seymour, Timothy P"]
[Result "0-1"]
[WhiteElo "2267"]
[BlackElo "2093"]
[PlyCount "68"]
[EventDate "2023.01.08"]
[WhiteTeam "Guildford Castles"]
[BlackTeam "Surbiton"]

1. e4 e5 2. Nf3 Nc6 3. Bb5 Nf6 4. d3 Bc5 5. O-O Nd4 6. Ba4 Nxf3+ 7. Qxf3 O-O 8.
Be3 Bxe3 9. fxe3 c6 10. Nc3 d6 11. Bb3 Qe7 12. Ne2 a5 13. c3 a4 14. Bc2 a3 15.
b3 Bg4 16. Qf2 d5 17. Ng3 dxe4 18. dxe4 Qc5 19. c4 Be6 20. h3 Rfd8 21. Rfd1 Qa5
22. Qe1 Qxe1+ 23. Rxe1 Ne8 24. Red1 Nc7 25. Rxd8+ Rxd8 26. Rd1 Rxd1+ 27. Bxd1
Na6 28. Ne2 b5 29. cxb5 cxb5 30. Nc3 b4 31. Nb1 Nc5 32. Nd2 Nd3 33. Bc2 Nc1 34.
Bb1 Ne2+ 0-1

[Event "4NCL Division Three East"]
[Site "Daventry, ENG"]
[Date "2023.01.08"]
[Round "4.23"]
[White "Dupre, Paul D"]
[Black "Punnett, Alan K"]
[Result "1/2-1/2"]
[WhiteElo "1930"]
[BlackElo "2146"]
[PlyCount "40"]
[EventDate "2023.01.08"]
[WhiteTeam "Surbiton"]
[BlackTeam "Guildford Castles"]

1. d4 Nf6 2. c4 e6 3. Nc3 Bb4 4. Qc2 O-O 5. Bg5 h6 6. Bd2 d5 7. a3 Bxc3 8. Bxc3
Ne4 9. e3 Nd7 10. Bd3 Nxc3 11. Qxc3 dxc4 12. Bxc4 b6 13. Ne2 Bb7 14. O-O c5 15.
Rad1 cxd4 16. Nxd4 Qe7 17. Qd2 Rfd8 18. Qe2 Rac8 19. b4 Nf6 20. f3 Nd5 1/2-1/2

[Event "4NCL Division Three East"]
[Site "Daventry, ENG"]
[Date "2023.01.08"]
[Round "4.24"]
[White "White, Nigel"]
[Black "Faulks, Nick"]
[Result "0-1"]
[WhiteElo "2097"]
[BlackElo "1802"]
[PlyCount "102"]
[EventDate "2023.01.08"]
[WhiteTeam "Guildford Castles"]
[BlackTeam "Surbiton"]

1. e4 c5 2. Nf3 e6 3. d4 cxd4 4. Nxd4 a6 5. Nc3 Qc7 6. g3 Bb4 7. Nde2 Nf6 8.
Bg2 Be7 9. O-O Nc6 10. Bf4 d6 11. Qd2 O-O 12. Rad1 Rd8 13. a4 Rb8 14. h3 Ne5
15. g4 Nc4 16. Qc1 b5 17. axb5 axb5 18. b3 b4 19. Na4 e5 20. Bg5 Bd7 21. Nb2
Na3 22. Qd2 Qxc2 23. Qxc2 Nxc2 24. Bxf6 gxf6 25. Rc1 Rdc8 26. Rfd1 Be6 27. Nc4
Bxc4 28. Rxc2 Bxb3 29. Rxc8+ Rxc8 30. Rb1 Bc4 31. Bf1 d5 32. exd5 Bxd5 33. Ng3
b3 34. Nf5 Ba3 35. Ne3 Be6 36. Bd3 Rc3 37. Be4 Rc1+ 38. Rxc1 Bxc1 39. Kf1 Bxe3
40. fxe3 h6 41. Kg2 Kf8 42. Bb1 Ke7 43. Kg3 Bd5 44. e4 Bc4 45. Kf2 Kd6 46. Ke3
Kc5 47. h4 Kb4 48. Kd2 Bf1 49. Ke1 Bh3 50. Kd2 Bxg4 51. Bd3 Be6 0-1